| 000 | 00426 a2200169 4500 | ||
|---|---|---|---|
| 001 | 066552 | ||
| 003 | OSt | ||
| 005 | 20211001132444.0 | ||
| 008 | |||
| 082 |
_a820.9145 _bR66R |
||
| 100 | 1 | _aRoe, Nicholas | |
| 245 | 1 |
_aRomanticism _cby Nicholas Roe |
|
| 260 |
_aNew Delhi _bOxford University Press _c2007 |
||
| 300 | _a743p. | ||
| 690 | _aRomanticism in art; Arts, Modern | ||
| 942 |
_2ddc _cBK |
||
| 999 |
_c597 _d597 |
||